[Event "9.Offene Senioren SH 2015"]
[Site "Buesum"]
[Date "2015.10.02"]
[Round "5.54"]
[White "Kluegel, Jan"]
[Black "Bachmann, Friedrich"]
[Result "1/2-1/2"]
[WhiteElo "1882"]
[BlackElo "1675"]
[PlyCount "129"]
[EventDate "2015.??.??"]
[WhiteTeam "SV VHS Rendsburg"]
[BlackTeam "SC Bad Salzdetfurth"]

1. d4 d5 2. Nf3 Nc6 3. Bf4 e6 4. e3 Nf6 5. Nbd2 Bd6 6. Bg3 Bxg3 7. hxg3 Qd6 8.
Bd3 e5 9. dxe5 Nxe5 10. Nxe5 Qxe5 11. c3 Bg4 12. Qb3 Ne4 13. Bxe4 dxe4 14. Qa4+
Bd7 15. Qxe4 Qxe4 16. Nxe4 Bc6 17. f3 f5 18. Nd2 O-O-O 19. Rd1 h6 20. Ke2 Rhe8
21. Nb3 Bb5+ 22. Kf2 Ba4 23. Rd4 Bxb3 24. axb3 Rxd4 25. exd4 Kd7 26. Re1 Re6 27.
Re5 g6 28. Ke3 Ra6 29. Kd3 Ra2 30. Re2 Kd6 31. c4 b6 32. Kc3 c5 33. d5 Ra1 34.
Re6+ Kd7 35. Rxg6 Rg1 36. Rxh6 Rxg2 37. Rg6 f4 38. g4 Rg3 39. g5 Rxf3+ 40. Kc2
Rg3 41. Rf6 Rg2+ 42. Kb1 Rg4 43. g6 Ke7 44. Rf5 Rxg6 45. Rxf4 a6 46. Rh4 Kd6 47.
Rh8 a5 48. Rc8 Ke5 49. Ka2 Kd4 50. Rc6 Rg8 51. Rxb6 a4 52. Ka3 axb3 53. Kxb3
Rg3+ 54. Ka4 Kxc4 55. d6 Rg7 56. b3+ Kd5 57. Kb5 Rd7 58. Rc6 Rb7+ 59. Rb6 Rd7
60. Ka6 Ke6 61. Rc6 Kd5 62. Kb6 Rxd6 63. Rxd6+ Kxd6 64. Kb7 Kd5 65. Kb6 1/2-1/2

[Event "9.Offene Senioren SH 2015"]
[Site "Buesum"]
[Date "2015.10.02"]
[Round "5.55"]
[White "Komeinda, Josef"]
[Black "Fleischer, Martin"]
[Result "0-1"]
[WhiteElo "1644"]
[BlackElo "1872"]
[PlyCount "90"]
[EventDate "2015.??.??"]
[WhiteTeam "Elberfelder SG"]
[BlackTeam "SV Einheit Schwerin"]

1. Nf3 d5 2. d4 e6 3. Nbd2 Nf6 4. e3 c5 5. c3 Nc6 6. Bd3 Qc7 7. O-O Bd6 8. h3
O-O 9. a3 c4 10. Bc2 b5 11. b4 cxb3 12. Bxb3 Na5 13. Bb2 Bb7 14. Bc2 Nc4 15. Bc1
a5 16. a4 b4 17. cxb4 axb4 18. Nb3 Rfc8 19. Ra2 Qe7 20. Re1 Rc7 21. Nbd2 Rac8
22. Nf1 Bc6 23. Qd3 g6 24. Ng3 e5 25. dxe5 Bxe5 26. Nxe5 Qxe5 27. Qb3 Qe7 28.
Qd3 Bb7 29. Ne2 Ne4 30. Qd4 Nc5 31. Bd3 Nb3 32. Qg4 Ne5 33. Qxc8+ Rxc8 34. Bb5
Nxc1 35. Rxc1 Rxc1+ 36. Nxc1 Bc6 37. Bf1 Qc5 38. Nb3 Qc3 39. Nd4 b3 40. Ra3 Bxa4
41. Kh2 Qb4 42. Ra1 b2 43. Rb1 Nc4 44. Bxc4 dxc4 45. f4 c3 0-1

[Event "9.Offene Senioren SH 2015"]
[Site "Buesum"]
[Date "2015.10.02"]
[Round "5.56"]
[White "Priss, Klaus-Peter"]
[Black "Wulf, Adalbert"]
[Result "0-1"]
[WhiteElo "1603"]
[BlackElo "1914"]
[PlyCount "90"]
[EventDate "2015.??.??"]
[WhiteTeam "Wyker TB"]
[BlackTeam "SV Ennigerloh-Oelde"]

1. e4 g6 2. Nf3 Bg7 3. Nc3 d6 4. Bc4 Nc6 5. a3 Nf6 6. O-O e5 7. d3 h6 8. h3 a6
9. Be3 Na5 10. Ba2 c5 11. Nh2 Nc6 12. Ne2 Qe7 13. Ng3 Be6 14. b3 Nh7 15. Nf3 f5
16. exf5 gxf5 17. Nh5 f4 18. Bxf4 exf4 19. Nxf4 Kd7 20. Rb1 Qf7 21. Qd2 Raf8 22.
Nxe6 Qxe6 23. Nh2 h5 24. Rbe1 Qg6 25. Re3 Be5 26. b4 cxb4 27. axb4 Nd4 28. Qd1
Nf5 29. Nf3 Nxe3 30. fxe3 Bg3 31. Bd5 Kc7 32. c4 Nf6 33. Be6 Ng4 34. Bd5 Nxe3
35. Be4 Qg7 36. Qa4 Be5 37. Qa5+ b6 38. Qa2 Kd8 39. Rf2 Qa7 40. Re2 Rxf3 41.
Bxf3 Bd4 42. Kh1 a5 43. bxa5 Qe7 44. Qd2 Qe5 45. Be4 Nf1 0-1

[Event "9.Offene Senioren SH 2015"]
[Site "Buesum"]
[Date "2015.10.02"]
[Round "5.57"]
[White "Potschka, Dieter"]
[Black "Zechel, Rolf-Ruediger"]
[Result "1/2-1/2"]
[WhiteElo "1791"]
[BlackElo "1645"]
[PlyCount "69"]
[EventDate "2015.??.??"]
[WhiteTeam "VfL Geesthacht"]
[BlackTeam "SK Kaltenkirchen"]

1. c4 Nf6 2. Nc3 g6 3. e4 d6 4. h3 Bg7 5. Nf3 c5 6. Be2 Nc6 7. d3 O-O 8. Bd2 a6
9. a3 Bd7 10. Rb1 Rb8 11. O-O b5 12. b3 Qc7 13. Nd5 Nxd5 14. cxd5 Nd4 15. Nxd4
Bxd4 16. Qc1 Rfc8 17. Qe1 b4 18. axb4 cxb4 19. Bxb4 Qc2 20. Bd2 Rxb3 21. Rxb3
Qxb3 22. Bf4 Qb2 23. Bg4 Bxg4 24. hxg4 Rc2 25. Be3 Bc3 26. Qd1 a5 27. d4 a4 28.
Qd3 a3 29. Qa6 a2 30. Qc8+ Kg7 31. Bh6+ Kxh6 32. Qf8+ Kg5 33. Qxe7+ Kh6 34. Qf8+
Kg5 35. Qe7+ 1/2-1/2

[Event "9.Offene Senioren SH 2015"]
[Site "Buesum"]
[Date "2015.10.02"]
[Round "5.58"]
[White "Riha, Peter"]
[Black "Harders, Werner"]
[Result "1/2-1/2"]
[WhiteElo "1787"]
[BlackElo "1569"]
[PlyCount "82"]
[EventDate "2015.??.??"]
[WhiteTeam "Schleswiger SV von 1919"]
[BlackTeam "SK Kaltenkirchen"]

1. d4 f5 2. Bf4 e6 3. e3 d5 4. c4 c6 5. Nf3 Nf6 6. Nc3 Bb4 7. Qc2 O-O 8. Bd3 Ne4
9. O-O Nd7 10. a3 Bxc3 11. bxc3 Ndf6 12. Ne5 Nh5 13. Bg3 Nhxg3 14. fxg3 Qg5 15.
Rf3 Nf6 16. Raf1 Bd7 17. Qe2 Be8 18. Qd2 Bh5 19. R3f2 Bg6 20. Rf4 h5 21. Nf3 Qh6
22. h4 Ne4 23. Bxe4 fxe4 24. Ng5 Rxf4 25. Rxf4 Bf5 26. Qb2 b6 27. Qb4 Qg6 28.
Qd6 Qe8 29. Rf1 Rd8 30. Qb4 Qd7 31. a4 Qc7 32. Kh2 a5 33. Qb3 Rf8 34. Rb1 Rb8
35. Qa2 Qd6 36. Rb2 g6 37. Qb1 c5 38. cxd5 exd5 39. Rc2 Rc8 40. Rb2 Rb8 41. Qf1
c4 1/2-1/2

[Event "9.Offene Senioren SH 2015"]
[Site "Buesum"]
[Date "2015.10.02"]
[Round "5.59"]
[White "Lachat, Martin"]
[Black "Manthey, Wolfgang"]
[Result "0-1"]
[WhiteElo "1538"]
[BlackElo "1780"]
[PlyCount "94"]
[EventDate "2015.??.??"]
[WhiteTeam "ASK Reti Zuerich"]
[BlackTeam "Helmstedter SV"]

1. c4 g6 2. Nc3 Bg7 3. d4 Nf6 4. Nf3 d6 5. e4 O-O 6. Be2 Nbd7 7. O-O e5 8. dxe5
dxe5 9. Qc2 Qe7 10. Nd5 Nxd5 11. cxd5 Nf6 12. Bg5 Bg4 13. h3 Bxf3 14. Bxf3 Qd6
15. Rac1 Ne8 16. Qc5 f6 17. Qxd6 cxd6 18. Bd2 Rf7 19. Rc4 Rc7 20. Rxc7 Nxc7 21.
Rc1 Nb5 22. a4 Nd4 23. Bd1 f5 24. f3 fxe4 25. fxe4 Rf8 26. Rc7 Rf7 27. Rc4 a6
28. Bb4 Bf8 29. Rc8 Kg7 30. Rd8 Rc7 31. Kh2 Be7 32. Re8 b6 33. Bg4 a5 34. Bc3 h5
35. Bxd4 exd4 36. Be2 Bf6 37. Bd3 Be5+ 38. Kg1 Bg3 39. Kf1 Rf7+ 40. Kg1 Rf2 41.
b3 Rb2 42. Bc4 Rb1+ 43. Bf1 Rxb3 44. Rc8 d3 45. Rc4 d2 46. Rd4 Bf4 47. Kf2 Be3+
0-1

[Event "9.Offene Senioren SH 2015"]
[Site "Buesum"]
[Date "2015.10.02"]
[Round "5.60"]
[White "David, Juergen"]
[Black "Petersen, Kay"]
[Result "0-1"]
[WhiteElo "1350"]
[BlackElo "1746"]
[PlyCount "44"]
[EventDate "2015.??.??"]
[WhiteTeam "SC Lok Brandenburg"]
[BlackTeam "Heikendorfer SV"]

1. d4 d5 2. Bf4 e6 3. Nf3 Bd6 4. Bg3 Nf6 5. e3 O-O 6. Bd3 Nc6 7. c3 Ne7 8. Bh4
Ng6 9. Bxf6 Qxf6 10. Qc2 Re8 11. h4 h6 12. h5 Nf8 13. Nbd2 e5 14. dxe5 Bxe5 15.
O-O-O a5 16. Rdf1 b6 17. Nxe5 Qxe5 18. Nf3 Qf6 19. Rh4 Ba6 20. Rf4 Bxd3 21. Rxf6
Bxc2 22. Kxc2 gxf6 0-1

[Event "9.Offene Senioren SH 2015"]
[Site "Buesum"]
[Date "2015.10.02"]
[Round "5.61"]
[White "Hoelzel, Gerhard"]
[Black "Luebbers, Doris"]
[Result "1/2-1/2"]
[WhiteElo "1718"]
[BlackElo "1527"]
[PlyCount "60"]
[EventDate "2015.??.??"]
[WhiteTeam "Ahrensburger TSV"]
[BlackTeam "SF Taunus"]

1. f4 d5 2. e3 Nf6 3. b3 g6 4. Bb2 Bg7 5. Nf3 Bg4 6. Be2 Nbd7 7. O-O O-O 8. h3
Bxf3 9. Bxf3 e6 10. d3 Rc8 11. Nd2 c5 12. Rb1 b6 13. g4 h6 14. Qe1 Nh7 15. Bxg7
Kxg7 16. Qg3 Kh8 17. Kf2 Qf6 18. Rbc1 Qg7 19. h4 Rcd8 20. Rh1 Ndf6 21. g5 Ng8
22. h5 Rde8 23. hxg6 fxg6 24. gxh6 Nxh6 25. Rcg1 Rf6 26. Rh3 Nf5 27. Qh2 Kg8 28.
Rh1 Re7 29. e4 dxe4 30. Bxe4 Rff7 1/2-1/2

[Event "9.Offene Senioren SH 2015"]
[Site "Buesum"]
[Date "2015.10.02"]
[Round "5.62"]
[White "Linz, Stefan"]
[Black "Moeller, Bernd"]
[Result "1/2-1/2"]
[WhiteElo "1695"]
[BlackElo "1576"]
[PlyCount "125"]
[EventDate "2015.??.??"]
[WhiteTeam "SC Bad Marienberg"]
[BlackTeam "SV Bad Schwartau"]

1. d4 d5 2. Bg5 h6 3. Bh4 Nd7 4. Nf3 Ngf6 5. Nbd2 e6 6. e3 Be7 7. c3 O-O 8. h3
a6 9. Bd3 b5 10. a3 Bb7 11. O-O c5 12. Be2 c4 13. Nh2 Ne4 14. Bxe7 Qxe7 15. Nxe4
dxe4 16. Qe1 f5 17. Rd1 Nf6 18. f3 Rfd8 19. f4 Nd5 20. Qd2 Qh4 21. Rf2 Qg3 22.
Nf1 Qh4 23. Re1 Bc6 24. Bd1 Be8 25. Kh2 Qe7 26. g3 Kh8 27. Qe2 a5 28. Rg2 Nf6
29. Qf2 h5 30. Be2 a4 31. Rd1 g6 32. Kg1 Qg7 33. h4 Nd5 34. Rd2 Kh7 35. Kh1 Qc7
36. Rc2 Bc6 37. Qe1 Bb7 38. Rc1 Ba6 39. Bd1 Kh6 40. Qd2 Bb7 41. Kh2 Bc6 42. Qe1
Be8 43. Rgc2 Rdb8 44. Qe2 Rb6 45. Qf2 Ra7 46. Be2 Rab7 47. Kh3 Bd7 48. Bd1 Qb8
49. Qe2 Bc6 50. Qf2 Qa7 51. Qe2 Nc7 52. Rd2 Na6 53. Rdc2 Rd7 54. Qf2 Qa8 55. Qe2
Qd8 56. Qf2 Ba8 57. Qe2 Rbd6 58. Rd2 Nc5 59. Rb1 Na6 60. Rc1 Nb8 61. Rcc2 Nc6
62. Qf2 Rd5 63. Qe2 1/2-1/2

[Event "9.Offene Senioren SH 2015"]
[Site "Buesum"]
[Date "2015.10.02"]
[Round "5.64"]
[White "Geibel, Henning"]
[Black "Kuehnen, Gerhard"]
[Result "0-1"]
[WhiteElo "1470"]
[BlackElo "1649"]
[PlyCount "56"]
[EventDate "2015.??.??"]
[WhiteTeam "SV Bargteheide"]
[BlackTeam "Flensburger SK"]

1. e4 c5 2. Nf3 d6 3. Be2 Qc7 4. O-O Nf6 5. d3 g6 6. Nc3 a6 7. b3 b5 8. a4 b4 9.
Nd5 Nxd5 10. exd5 Bg7 11. Rb1 O-O 12. Bf4 Nd7 13. Qd2 Re8 14. Qe3 Nf6 15. Bh6
Ng4 16. Qf4 Nxh6 17. h3 Nf5 18. Nh2 Be5 19. Qe4 Nd4 20. Bd1 e6 21. dxe6 Bb7 22.
exf7+ Kxf7 23. Qh4 Bxh2+ 24. Kxh2 Kg7 25. Kg1 Re5 26. Qg4 Qe7 27. Bf3 Nxf3+ 28.
gxf3 Rg5 0-1

[Event "9.Offene Senioren SH 2015"]
[Site "Buesum"]
[Date "2015.10.02"]
[Round "5.65"]
[White "Petersen, Guenter"]
[Black "Daebel, Hasso"]
[Result "0-1"]
[WhiteElo "1609"]
[BlackElo "1737"]
[PlyCount "72"]
[EventDate "2015.??.??"]
[WhiteTeam "Segeberger SF"]
[BlackTeam "SG Drewer"]

1. e4 c5 2. Nf3 d6 3. d4 cxd4 4. Nxd4 Bd7 5. Bd3 Nc6 6. Nf3 h6 7. O-O Nf6 8. h3
Qb6 9. Nc3 Qd8 10. Re1 e5 11. Nh2 Qc8 12. Nd5 Nxd5 13. exd5 Ne7 14. c4 g6 15. f4
Bg7 16. Qe2 Nf5 17. Bxf5 Bxf5 18. g4 Bd7 19. b3 O-O 20. Bb2 exf4 21. Bxg7 Kxg7
22. Qb2+ Kg8 23. Qf6 Qc5+ 24. Kf1 Rae8 25. Qxf4 Rxe1+ 26. Rxe1 f5 27. Qe3 fxg4+
28. Kg1 gxh3 29. Qxc5 dxc5 30. Re7 Rf7 31. Rxf7 Kxf7 32. Nf3 Kf6 33. Kh2 g5 34.
a3 g4 35. Nh4 Kg5 36. Kg3 a5 0-1

[Event "9.Offene Senioren SH 2015"]
[Site "Buesum"]
[Date "2015.10.02"]
[Round "5.66"]
[White "Wiebke, Elfriede"]
[Black "Ludwig, Richard"]
[Result "0-1"]
[WhiteElo "1338"]
[BlackElo "1670"]
[PlyCount "114"]
[EventDate "2015.??.??"]
[WhiteTeam "Segeberger SF"]
[BlackTeam "SV Irxleben"]

1. e4 Nf6 2. Nc3 d5 3. Bd3 e5 4. Nf3 Nc6 5. Bb5 Qd6 6. O-O a6 7. Bxc6+ bxc6 8.
d4 Nxe4 9. Nxe4 dxe4 10. Nxe5 f6 11. Nc4 Qd5 12. b3 Bd6 13. Nxd6+ cxd6 14. c4
Qf7 15. Re1 d5 16. c5 O-O 17. h3 Re8 18. b4 Qg6 19. Kh1 Bd7 20. Rg1 Qf7 21. Bd2
f5 22. a3 Qf6 23. Be3 f4 24. Bc1 Qh4 25. f3 e3 26. Qe1 Qh5 27. Kh2 Qf5 28. Qh4
Re6 29. g3 Rh6 30. Qg4 Qc2+ 31. Rg2 Qxg2+ 32. Kxg2 Bxg4 33. gxf4 Bxh3+ 34. Kg3
Re8 35. Ra2 Bf5 36. Re2 Rhe6 37. a4 Bd3 38. Re1 e2 39. Kg4 Rg6+ 40. Kh5 Rh6+ 41.
Kg5 Rh2 42. f5 Rf2 43. Kf4 Rf1 44. Bd2 Rxe1 45. Bxe1 Rb8 46. Ke3 Bc4 47. f4 Kf7
48. a5 Kf6 49. Kf3 Kxf5 50. Bd2 h5 51. Be1 Rh8 52. Bh4 Re8 53. Be1 Re4 54. Kg3
Rxf4 55. Bd2 Rxd4 56. Be3 Rd3 57. Kh4 Rxe3 0-1

[Event "9.Offene Senioren SH 2015"]
[Site "Buesum"]
[Date "2015.10.02"]
[Round "5.67"]
[White "Schumacher, Ursula"]
[Black "Baumast, Bernd"]
[Result "1/2-1/2"]
[WhiteElo "1670"]
[BlackElo "1541"]
[PlyCount "84"]
[EventDate "2015.??.??"]
[WhiteTeam "HTC Bad Neuenahr"]
[BlackTeam "SV Bad Oldesloe"]

1. c4 e5 2. Nc3 Nc6 3. Nf3 d6 4. g3 Nf6 5. Bg2 Be7 6. O-O Rb8 7. d4 exd4 8. Nxd4
Nxd4 9. Qxd4 b6 10. Bc6+ Bd7 11. Bxd7+ Qxd7 12. e3 O-O 13. Kg2 a6 14. e4 h6 15.
Be3 Rbd8 16. Rad1 Qe6 17. b3 Nh5 18. Qd3 Qg6 19. Nd5 Rd7 20. Rg1 Bg5 21. Kh1
Bxe3 22. Qxe3 Qe6 23. g4 Nf6 24. Nf4 Qe5 25. Nd3 Qg5 26. Qxg5 hxg5 27. Nb4 a5
28. Nc6 Re8 29. Rge1 Re6 30. Kg2 Nh7 31. Kf1 f6 32. Rd5 Nf8 33. Red1 Ng6 34. Nd4
Re5 35. Nf5 Rxd5 36. cxd5 Kf7 37. Rc1 Ne5 38. Ke2 Ke8 39. Nd4 Kd8 40. Ne6+ Kc8
41. a4 Rf7 42. Nd4 Nd7 1/2-1/2

[Event "9.Offene Senioren SH 2015"]
[Site "Buesum"]
[Date "2015.10.02"]
[Round "5.69"]
[White "Henniges, Erhard"]
[Black "Ketelsen, Herbert"]
[Result "1/2-1/2"]
[WhiteElo "1467"]
[BlackElo "1540"]
[PlyCount "78"]
[EventDate "2015.??.??"]
[WhiteTeam "Fehntjer SK"]
[BlackTeam "Hamburger SK"]

1. c4 e6 2. Nc3 g6 3. Nf3 Bg7 4. d4 Ne7 5. g3 O-O 6. Bg2 c6 7. O-O d5 8. c5 Nd7
9. b4 b6 10. a4 bxc5 11. bxc5 Rb8 12. Bd2 Nf5 13. e3 e5 14. Ne2 Ba6 15. Bc3 exd4
16. exd4 Re8 17. Re1 Nf6 18. Ne5 Qc7 19. Nf4 Re7 20. Nfd3 Rbe8 21. Nb4 Bb7 22.
a5 a6 23. f3 Nd7 24. f4 f6 25. Nxd7 Rxe1+ 26. Bxe1 Ne3 27. Qd3 Qxd7 28. Bf2 Nc4
29. Nc2 f5 30. Ne1 Qd8 31. Qc3 Re7 32. Nf3 Qe8 33. Ne5 Nxe5 34. fxe5 Rf7 35. Be3
Qf8 36. Qd2 Bc8 37. Rb1 Qd8 38. h4 Qf8 39. Rb8 Qd8 1/2-1/2

[Event "9.Offene Senioren SH 2015"]
[Site "Buesum"]
[Date "2015.10.02"]
[Round "5.69"]
[White "Vierling, Paul"]
[Black "Graffenberger, Marianne"]
[Result "1-0"]
[WhiteElo "1467"]
[BlackElo "1540"]
[PlyCount "110"]
[EventDate "2015.??.??"]
[WhiteTeam "Fehntjer SK"]
[BlackTeam "Hamburger SK"]

1. e4 e5 2. b3 Nc6 3. Bb2 d6 4. Bb5 Bd7 5. Bxc6 Bxc6 6. d3 Nf6 7. Ne2 Be7 8.
Nbc3 d5 9. exd5 Nxd5 10. Nxd5 Qxd5 11. f3 Bf6 12. c4 Qd6 13. Ng3 O-O-O 14. O-O
Qxd3 15. Qxd3 Rxd3 16. Rfd1 Rhd8 17. Rxd3 Rxd3 18. Nf1 Kd7 19. Rc1 Bg5 20. Re1
f6 21. Bc1 Bxc1 22. Rxc1 Ke6 23. Kf2 g5 24. Re1 Rc3 25. Ne3 f5 26. Nd1 Rc2+ 27.
Re2 Rxe2+ 28. Kxe2 h5 29. g3 g4 30. fxg4 hxg4 31. Ke3 Bf3 32. Nc3 a6 33. Na4 Kd6
34. c5+ Kc6 35. b4 b5 36. Nc3 Kd7 37. a3 Ke6 38. Nb1 Kd5 39. Nd2 c6 40. Nb3 Kc4
41. Nd2+ Kc3 42. Nxf3 gxf3 43. h4 Kb3 44. h5 Kxa3 45. h6 Kxb4 46. h7 a5 47. h8=Q
a4 48. Qxe5 a3 49. Qa1 Kb3 50. Kxf3 b4 51. Ke2 a2 52. Kd2 Ka3 53. Kc1 b3 54.
Qb2+ Kb4 55. Qd4+ Ka3 { Weis gewinnt nach weiteren Zugen ( Anm.: nicht
rekonstruierbar ) .} 1-0